<?xml version="1.0" encoding="UTF-8"?>
<record
    xmlns:xsi="http://www.w3.org/2001/XMLSchema-instance"
    xsi:schemaLocation="http://www.loc.gov/MARC21/slim http://www.loc.gov/standards/marcxml/schema/MARC21slim.xsd"
    xmlns="http://www.loc.gov/MARC21/slim">

  <leader>     nam a22     7a 4500</leader>
  <datafield tag="999" ind1=" " ind2=" ">
    <subfield code="c">86072</subfield>
    <subfield code="d">85986</subfield>
  </datafield>
  <controlfield tag="003">OSt00</controlfield>
  <controlfield tag="005">20221129104926.0</controlfield>
  <controlfield tag="008">221129b        xxu||||| |||| 00| 0 eng 0</controlfield>
  <datafield tag="020" ind1=" " ind2=" ">
    <subfield code="a">\a 0852700830</subfield>
  </datafield>
  <datafield tag="040" ind1=" " ind2=" ">
    <subfield code="a">\a NG-ZaABU</subfield>
    <subfield code="c">00</subfield>
  </datafield>
  <datafield tag="050" ind1=" " ind2=" ">
    <subfield code="a">\a QM 601 Ham</subfield>
    <subfield code="b">\b ML 5666</subfield>
  </datafield>
  <datafield tag="100" ind1=" " ind2=" ">
    <subfield code="9">6339</subfield>
    <subfield code="a">a HAMILTON, W.J.</subfield>
  </datafield>
  <datafield tag="245" ind1=" " ind2=" ">
    <subfield code="a">\a Human Embryology: Prenatal Development of Form and Function </subfield>
    <subfield code="c">\c By W.J. Hamilton and H.W. Mossman</subfield>
    <subfield code="h">\h Book [Text]</subfield>
  </datafield>
  <datafield tag="250" ind1=" " ind2=" ">
    <subfield code="a">\a 4th ed.</subfield>
  </datafield>
  <datafield tag="260" ind1=" " ind2=" ">
    <subfield code="a">\a Cambridge:</subfield>
    <subfield code="b">\b W. Heffer &amp; Sons Ltd.,</subfield>
    <subfield code="c">\c 1972.</subfield>
  </datafield>
  <datafield tag="300" ind1=" " ind2=" ">
    <subfield code="a">\a xii, 646p.:</subfield>
    <subfield code="b">\b illus.</subfield>
  </datafield>
  <datafield tag="501" ind1=" " ind2=" ">
    <subfield code="a">\a Includes index</subfield>
  </datafield>
  <datafield tag="504" ind1=" " ind2=" ">
    <subfield code="a">\a Includes bibliographical references</subfield>
  </datafield>
  <datafield tag="942" ind1=" " ind2=" ">
    <subfield code="2">lcc</subfield>
    <subfield code="c">BK</subfield>
    <subfield code="e">\e 4th ed.</subfield>
    <subfield code="h">\h QM</subfield>
    <subfield code="i">\i ML </subfield>
    <subfield code="k">\k 601</subfield>
    <subfield code="m">\m Ham</subfield>
  </datafield>
  <datafield tag="952" ind1=" " ind2=" ">
    <subfield code="0">0</subfield>
    <subfield code="1">0</subfield>
    <subfield code="2">lcc</subfield>
    <subfield code="4">0</subfield>
    <subfield code="7">0</subfield>
    <subfield code="a">MEDICAL</subfield>
    <subfield code="b">MEDICAL</subfield>
    <subfield code="c">PRE-C</subfield>
    <subfield code="d">2022-11-29</subfield>
    <subfield code="l">0</subfield>
    <subfield code="o">\o QM 601 Ham</subfield>
    <subfield code="p">\p 30005111987835</subfield>
    <subfield code="r">2022-11-29 00:00:00</subfield>
    <subfield code="w">2022-11-29</subfield>
    <subfield code="y">BK</subfield>
  </datafield>
</record>
